Normal view
MARC view
- Dr. Muhammad Shehzad
Entry Personal Name
001 - CONTROL NUMBER
- control field: 31016
003 - CONTROL NUMBER IDENTIFIER
- control field: NUST
005 - DATE AND TIME OF LATEST TRANSACTION
- control field: 20200930122718.0
008 - FIXED-LENGTH DATA ELEMENTS
- fixed length control field: 200930|| aca||aabn | a|a d
040 ## - CATALOGING SOURCE
- Original cataloging agency: NUST
- Transcribing agency: NUST
100 ## - HEADING--PERSONAL NAME
- Personal name: Dr. Muhammad Shehzad
670 ## - SOURCE DATA FOUND
- Source citation: Work cat.: (NUST): Rehman, Ali Akbar ; Iftikhar Hassan ; Murad Malik ; Sarmad Awais 31015, Sketechlt /, 2018.
